=LDR 00000nam 2200000 4500 =001 INLIS000000000033551 =005 20130612135511 =008 ***********************************ind** =035 ##$$0010-061300000033551 =041 ##$$a ind =082 ##$$a 664.94 =090 ##$$a 664.94, Ada p =100 ##$$a ADAWYAH, Rabiatul =245 ##$$a Pengolahan dan Pengawetan Ikan / Rabiatul Adawyah =260 ##$$a 2007 $b Jakarta =300 ##$$a xvi, 159 hlm, 23 cm =650 ##$$a Ikan - Pengolahan =850 ##$$a NBPNMAT =990 ##$$a 0001/BPAP-NTB/20142014 =990 ##$$a 2090101332/BPAP-NTB/2015